| 000 | 00492nam a22001697a 4500 | ||
|---|---|---|---|
| 999 |
_c9198 _d9198 |
||
| 008 | 210329b ||||| |||| 00| 0 eng d | ||
| 040 | _aBMS College of Architecture | ||
| 100 | _aA, N, Maanya | ||
| 245 | _aCultural centre at Bangalore | ||
| 300 | _aNA | ||
| 500 | _a1BM02AT012 | ||
| 502 |
_8B.Arch _NBMS College of Architecture, Visvesvaraya Technological University _aProject report _d2007 |
||
| 650 | _aNA | ||
| 700 |
_aSathish Rao _eGuide |
||
| 700 |
_aVaseem _eGuide |
||
| 942 |
_2ddc _cTHE |
||